000 00599nam a2200217Ia 4500
003 BUBTL
008 151213s9999 xx 000 0 und d
020 _a0582291445
082 _a410/ R553g/ 1989
100 _a Robins, R. H.
_94823
245 _aGeneral Linguistics :
_cR. H. Robins
250 _a4th Edn
260 _aLondon
_bLongman Group U K Ltd.
_cc1989
300 _a[xxiii],445p. :
_b20 cm
500 _aIncludes Index
650 _aEnglish Literature
_91994
700 _aR. H. Robins
_94824
856 _k0
_l0
_yDownload
942 _2ddc
_cBK
999 _c2396
_d2396